<?xml version="1.0" encoding="UTF-8"?>
<collection xmlns="http://www.loc.gov/MARC21/slim">
 <record>
  <leader>00926cam a2200301 7i4500</leader>
  <controlfield tag="001">0000054628</controlfield>
  <controlfield tag="005">20220426090000.0</controlfield>
  <controlfield tag="007">  Monograph</controlfield>
  <controlfield tag="008">180221s2016     eng</controlfield>
  <datafield tag="020" ind1=" " ind2=" ">
   <subfield code="a">9780531226353  (pbk) </subfield>
  </datafield>
  <datafield tag="040" ind1=" " ind2=" ">
   <subfield code="a">CIP</subfield>
  </datafield>
  <datafield tag="090" ind1="0" ind2="0">
   <subfield code="a">HD6509.C48 </subfield>
   <subfield code="b">ROO 2016</subfield>
  </datafield>
  <datafield tag="100" ind1="1" ind2=" ">
   <subfield code="a">Roome, Anne </subfield>
   <subfield code="e">author </subfield>
  </datafield>
  <datafield tag="245" ind1="1" ind2="0">
   <subfield code="a">Cesar Chavez : </subfield>
   <subfield code="b">champion for civil rights  </subfield>
   <subfield code="c">Anne Roome and Joanne Mattern.</subfield>
  </datafield>
  <datafield tag="264" ind1=" " ind2="1">
   <subfield code="a">New York, NY: </subfield>
   <subfield code="b">Scholastic, </subfield>
   <subfield code="c">2016.</subfield>
  </datafield>
  <datafield tag="300" ind1=" " ind2=" ">
   <subfield code="a">32p.: </subfield>
   <subfield code="b">Color photographs; </subfield>
   <subfield code="c">17cm.</subfield>
  </datafield>
  <datafield tag="336" ind1=" " ind2=" ">
   <subfield code="a">text</subfield>
   <subfield code="2">rdacontent</subfield>
  </datafield>
  <datafield tag="337" ind1=" " ind2=" ">
   <subfield code="a">unmediated</subfield>
   <subfield code="2">rdamedia</subfield>
  </datafield>
  <datafield tag="338" ind1=" " ind2=" ">
   <subfield code="a">volume</subfield>
   <subfield code="2">rdacarrier</subfield>
  </datafield>
  <datafield tag="440" ind1="1" ind2="0">
   <subfield code="a">Rookie Biographies</subfield>
  </datafield>
  <datafield tag="500" ind1=" " ind2=" ">
   <subfield code="a">Leadership Collection</subfield>
  </datafield>
  <datafield tag="650" ind1="1" ind2="0">
   <subfield code="a">Mexican American migrant </subfield>
  </datafield>
  <datafield tag="650" ind1="1" ind2="0">
   <subfield code="a">Migrant agriculture laborers -- </subfield>
   <subfield code="x">Labor unions </subfield>
  </datafield>
  <datafield tag="650" ind1="1" ind2="0">
   <subfield code="a">Chavez, Cesar, 1927-1993 </subfield>
  </datafield>
  <datafield tag="650" ind1="1" ind2="0">
   <subfield code="a">United Farm Workers </subfield>
  </datafield>
  <datafield tag="650" ind1="1" ind2="0">
   <subfield code="a">Labor leaders </subfield>
  </datafield>
  <datafield tag="700" ind1="1" ind2=" ">
   <subfield code="a">Mattern, Joanne </subfield>
  </datafield>
  <datafield tag="856" ind1="4" ind2="2">
   <subfield code="u">www.scholastic.com</subfield>
  </datafield>
 </record>
</collection>
